| 000 | 02252nam0a2200349 4500 | ||
|---|---|---|---|
| 001 | RU\NLR\bibl\1528156 | ||
| 005 | 20250616033105.0 | ||
| 010 |
_a978-5-9552-0332-4 _9100 |
||
| 021 |
_aRU _b2010-39540 _92647 |
||
| 035 | _a(nilc)RSL-KNO-004650898 | ||
| 035 | _a(NLR Aleph) 001519495 | ||
| 090 |
_a131352 _c131352 |
||
| 100 | _a20100531d2009 |||y0rusy50 ca | ||
| 101 | 0 | _arus | |
| 102 | _aRU | ||
| 105 | _ay ||||||||| | ||
| 200 | 1 |
_aОперативно-розыскное предупреждение преступной деятельности незаконных мигрантов в России _eлекция _fП.Н. Кобец, Р.Г. Бабаев _gМВД России, Федер. гос. образоват. учреждение высш. проф. образования "Всерос. ин-т повышения квалификации сотрудников МВД России", Междунар. межведомств. центр подгот. сотрудников кримин. милиции и подразделений по борьбе с НОН им. ген.-лейт. милиции А.Н. Сергеева |
|
| 210 |
_aДомодедово _cРИО ВИПК МВД России _d2009 |
||
| 215 |
_a84 с. _d20 |
||
| 320 | _aБиблиогр.: с. 77-83 (82 назв.) | ||
| 606 | 1 |
_aМигранты незаконные _jУчебные издания для высших учебных заведений _xПреступность _xПредупреждение _yРоссийская Федерация _92386826 _3RU\NLR\auth\661423656 |
|
| 606 | 1 |
_aМигранты незаконные _jУчебные издания для высших учебных заведений _xПреступность _xПредупреждение _xМеждународно-правовые вопросы _92613406 _3RU\NLR\auth\661549964 |
|
| 686 |
_aХ628.321.1я73-2 _2rubbk |
||
| 686 | _aХ628.322я73 | ||
| 686 | _aХ916.8я73 | ||
| 700 | 1 |
_aКобец _bП. Н. _gПетр Николаевич _4070 |
|
| 701 | 1 |
_aБабаев _bР. Г. _gРафаэль Гюльмамед оглы _4070 |
|
| 801 | 0 |
_aRU _bРГБ _c20100531 _grcr |
|
| 801 | 1 |
_aRU _bРГБ _c20100531 |
|
| 801 | 2 |
_aRU _bNLR _c20100628 _grcr |
|
| 942 | _cBOOK | ||
| 980 | _aNB | ||